South Africa : Selected Issues.

The external current account in South Africa has strengthened significantly in 1999, mainly owing to a large decline in imports. Compared with a deficit of about 1.5 percent of GDP in recent years, it is close to balance during the first three quarters of 1999. A resumption of investor confidence ha...

Πλήρης περιγραφή

Λεπτομέρειες βιβλιογραφικής εγγραφής
Συγγραφή απο Οργανισμό/Αρχή: International Monetary Fund
Μορφή: Επιστημονικό περιοδικό
Γλώσσα:English
Έκδοση: Washington, D.C. : International Monetary Fund, 2000.
Σειρά:IMF Staff Country Reports; Country Report ; No. 2000/042
Διαθέσιμο Online:Full text available on IMF
LEADER 01547cas a2200241 a 4500
001 AALejournalIMF007689
008 230101c9999 xx r poo 0 0eng d
020 |c 5.00 USD 
020 |z 9781451840957 
022 |a 1934-7685 
040 |a BD-DhAAL  |c BD-DhAAL 
110 2 |a International Monetary Fund. 
245 1 0 |a South Africa :   |b Selected Issues. 
264 1 |a Washington, D.C. :  |b International Monetary Fund,  |c 2000. 
300 |a 1 online resource (187 pages) 
490 1 |a IMF Staff Country Reports 
500 |a <strong>Off-Campus Access:</strong> No User ID or Password Required 
500 |a <strong>On-Campus Access:</strong> No User ID or Password Required 
506 |a Electronic access restricted to authorized BRAC University faculty, staff and students 
520 3 |a The external current account in South Africa has strengthened significantly in 1999, mainly owing to a large decline in imports. Compared with a deficit of about 1.5 percent of GDP in recent years, it is close to balance during the first three quarters of 1999. A resumption of investor confidence has led to an increase in international reserves and facilitated a decline in the net open forward position (NOFP). The external current account deficit has declined to 0.2 percent of GDP during the first three quarters of 1999. 
538 |a Mode of access: Internet 
830 0 |a IMF Staff Country Reports; Country Report ;  |v No. 2000/042 
856 4 0 |z Full text available on IMF  |u http://elibrary.imf.org/view/journals/002/2000/042/002.2000.issue-042-en.xml  |z IMF e-Library